000
00280nam a22001217a 4500
020
_a
0-307-11841-X
082
_a
823
_b
KEN/T
100
_a
KENT, JACK
245
_a
THERE'S NO SUCH THING AS A DRAGON
260
_a
NEW YORK
_b
GOLDEN BOOK
650
_a
ENGLISH SHORT STORY
942
_c
BK
999
_c
3273
_d
3273